01183nam a22002177a 450000500170000000800410001702000150005804000070007304100080008008200220008810000180011024500400012826000310016830000290019936500210022852006480024965000150089765000200091265000130093270000200094520220203103339.0220202b ||||| |||| 00| 0 eng d a0712672443 cAL aeng 223a650.092bLORK aAndrew Lorenz aKumar Bhattacharyya:The Unsung Guru aLondonbRandom Housec2002 axi,228 p.bHBc24x16 cm. b20.00c£d20.00 aThis text follows the work of Professor Kumar Bhattacharyya, one of the most influential but least well-known manufacturing industry experts in Britain. He has advised two Prime Ministers, Margaret Thatcher and Tony Blair, and a succession of senior government officials on matters ranging from the privatization of British Steel to the future of the car industry. Bhattacharyya is also an academic entrepreneur; today, Warwick Manufacturing Group, the unit inside Warwick University that he founded in 1979, has annual revenues of #80m and has won international renown through its breaking down of the barriers between academia and industry.  aManagement aHigh Technology aBusiness aLORENZ (Andrew)